عرض عادي
عرض مارك
- Debris avalanches
مدخل مصطلح موضوعي
001 - رقم الضبط
- حقل الضبط: 11994
003 - معرف رقم الضبط
- حقل الضبط: OSt
005 - تاريخ ووقت أخر عملية
- حقل الضبط: 20120427160848.0
008 - عناصر بيانات ثابتة الطول
- حقل تحكم ثابت الطول: 120427|||a|||||| | ||| d
040 ## - مصدر الفهرسة
- هيئة الفهرسة الأصلية: OSt
- وكالة الكتابة: OSt
150 ## - مدخل-- مصطلح تاريخي
- عنصر مدخل المصطلح الموضوعي او الاسم الجغرافي: Debris avalanches
- تفريع شكلي: Congresses.
670 ## - بيانات المصدر موجوده
- الاستشهاد بالمصدر: Work cat.: (OSt)24142: International Conference on Monitoring, Simulation, Prevention and Remediation of Dense and Debris Flows (3rd : 2010 : Milan, Italy) 11993, Monitoring, simulation, prevention and remediation of dense and debris flows III /, c2010.
